Lange Q&A. (Record no. 16064)
[ view plain ]
| 000 -LEADER | |
|---|---|
| fixed length control field | 01916cam a22004094a 4500 |
| 001 - CONTROL NUMBER | |
| control field | 14145908 |
| 005 - DATE AND TIME OF LATEST TRANSACTION | |
| control field | 20061002075851.0 |
| 008 - FIXED-LENGTH DATA ELEMENTS--GENERAL INFORMATION | |
| fixed length control field | 051019s2006 nyua b 000 0 eng |
| 010 ## - LIBRARY OF CONGRESS CONTROL NUMBER | |
| LC control number | 2005044789 |
| 020 ## - INTERNATIONAL STANDARD BOOK NUMBER | |
| International Standard Book Number | 0071461396 |
| 020 ## - INTERNATIONAL STANDARD BOOK NUMBER | |
| International Standard Book Number | 9780071461399 |
| 035 ## - SYSTEM CONTROL NUMBER | |
| System control number | (OCoLC)ocm62290605 |
| 040 ## - CATALOGING SOURCE | |
| Original cataloging agency | DNLM/DLC |
| Transcribing agency | DLC |
| Modifying agency | YDX |
| -- | BAKER |
| -- | DLC |
| 042 ## - AUTHENTICATION CODE | |
| Authentication code | pcc |
| 050 00 - LIBRARY OF CONGRESS CALL NUMBER | |
| Classification number | RG111 |
| Item number | .V66 2006 |
| 060 10 - NATIONAL LIBRARY OF MEDICINE CALL NUMBER | |
| Classification number | WP 18.2 |
| Item number | L274 2006 |
| 082 00 - DEWEY DECIMAL CLASSIFICATION NUMBER | |
| Classification number | 618.076 |
| Edition number | 22 |
| Item number | LAN |
| 245 00 - TITLE STATEMENT | |
| Title | Lange Q&A. |
| Name of part/section of a work | Obstetrics & Gynecology / |
| Statement of responsibility, etc | Louis A. Vontver ... [et al.]. |
| 250 ## - EDITION STATEMENT | |
| Edition statement | 8th ed. |
| 260 ## - PUBLICATION, DISTRIBUTION, ETC. (IMPRINT) | |
| Place of publication, distribution, etc | New York : |
| Name of publisher, distributor, etc | McGraw-Hill Medical Pub. Division, 2006 |
| Date of publication, distribution, etc | c2006. |
| 300 ## - PHYSICAL DESCRIPTION | |
| Extent | xii, 388 p. : |
| Other physical details | ill. ; |
| Dimensions | 28 ; |
| -- | cm. |
| 500 ## - GENERAL NOTE | |
| General note | Rev. ed. of: Appleton & Lange review of obstetrics & gynecology. 7th ed. c2003. |
| 504 ## - BIBLIOGRAPHY, ETC. NOTE | |
| Bibliography, etc | Includes bibliographical references (p. 387-388). |
| 650 #0 - SUBJECT ADDED ENTRY--TOPICAL TERM | |
| Topical term or geographic name as entry element | Gynecology |
| Form subdivision | Examinations, questions, etc. |
| 9 (RLIN) | 27308 |
| 650 #0 - SUBJECT ADDED ENTRY--TOPICAL TERM | |
| Topical term or geographic name as entry element | Obstetrics |
| Form subdivision | Examinations, questions, etc. |
| 9 (RLIN) | 27309 |
| 650 12 - SUBJECT ADDED ENTRY--TOPICAL TERM | |
| Topical term or geographic name as entry element | Genital Diseases, Female |
| Form subdivision | Examination Questions. |
| 9 (RLIN) | 27310 |
| 650 22 - SUBJECT ADDED ENTRY--TOPICAL TERM | |
| Topical term or geographic name as entry element | Obstetrics |
| Form subdivision | Examination Questions. |
| 9 (RLIN) | 27311 |
| 653 ## - INDEX TERM--UNCONTROLLED | |
| Resource For college | |
| Arrived date list | September2011 |
| 700 1# - ADDED ENTRY--PERSONAL NAME | |
| Personal name | Vontver, Louis A. |
| 9 (RLIN) | 27312 |
| 730 0# - ADDED ENTRY--UNIFORM TITLE | |
| Uniform title | Appleton & Lange review of obstetrics & gynecology. |
| 9 (RLIN) | 27313 |
| 856 42 - ELECTRONIC LOCATION AND ACCESS | |
| Materials specified | Contributor biographical information |
| Uniform Resource Identifier | <a href="http://www.loc.gov/catdir/enhancements/fy0669/2005044789-b.html">http://www.loc.gov/catdir/enhancements/fy0669/2005044789-b.html</a> |
| 856 42 - ELECTRONIC LOCATION AND ACCESS | |
| Materials specified | Publisher description |
| Uniform Resource Identifier | <a href="http://www.loc.gov/catdir/enhancements/fy0669/2005044789-d.html">http://www.loc.gov/catdir/enhancements/fy0669/2005044789-d.html</a> |
| 856 41 - ELECTRONIC LOCATION AND ACCESS | |
| Materials specified | Table of contents only |
| Uniform Resource Identifier | <a href="http://www.loc.gov/catdir/enhancements/fy0669/2005044789-t.html">http://www.loc.gov/catdir/enhancements/fy0669/2005044789-t.html</a> |
| 942 ## - ADDED ENTRY ELEMENTS (KOHA) | |
| Source of classification or shelving scheme | Dewey Decimal Classification |
| Item type | |
| Withdrawn status | Item status | Source of classification or shelving scheme | Damaged status | Not for loan | Vendor | Home library | Current library | Shelving location | Date acquired | Source of acquisition | Cost, normal purchase price | Serial Enumeration / chronology | Total Checkouts | Total Renewals | Full call number | Barcode | Date last seen | Date last borrowed | Koha item type |
|---|---|---|---|---|---|---|---|---|---|---|---|---|---|---|---|---|---|---|---|
| Dewey Decimal Classification | Baccah | Central Library | Central Library | First floor | 19/09/2011 | 263.70 | 143 | 6 | 10 | 618.076 OBS | 000024775 | 15/07/2025 | 24/11/2022 | Book - Borrowing |